| 000 | 00455 a2200169 4500 | ||
|---|---|---|---|
| 999 |
_c7882 _d7882 |
||
| 020 | _a9780421922709 | ||
| 050 | _aKD392THO2006 | ||
| 100 |
_aKnowles , John _eauthor |
||
| 245 |
_aEffective legal research / _cJohn Knowles and Philip Thomas |
||
| 250 | _aIst ed. | ||
| 264 |
_aEngland: _bThomson, _c2006 |
||
| 300 | _a187p. : | ||
| 500 | _aincludes index | ||
| 650 | _alegal research | ||
| 700 |
_aThomson Philip _eauthor |
||
| 942 |
_2lcc _cBK _h392 _iTHO _kKD |
||